| 000 | 00964nam a22002417a 4500 | ||
|---|---|---|---|
| 005 | 20240530110519.0 | ||
| 008 | 160215s2012 su a g b 000 0 ara d | ||
| 017 |
_a1432/1852 _bالسعودية . مكتبة الملك فهد الوطنية |
||
| 020 | _a9786038005842 | ||
| 040 | _aEG-CaGPL | ||
| 082 | 0 | 4 |
_221 _a616.89\ _bع ع |
| 100 | 0 | _aعلى احمد سيد مصطفى . | |
| 245 | 1 | 0 |
_aعلم النفس العيادى / _cعلى احمد سيد مصطفى ، محمد محمود محمد على . |
| 260 |
_aالرياض : _bدار الزهراء ، _c2012 . |
||
| 300 |
_a271 ص ؛ _c24 سم . |
||
| 504 | _aببليوجرافية ك ص 255 - 264 | ||
| 650 | 0 | 4 | _aعلم النفس العلاجى . |
| 650 | 0 | 4 | _aالامراض النفسية . |
| 650 | 0 | 4 | _aعلم النفس الاكلينيكى . |
| 700 | 0 |
_aمحمد محمود محمد على _eمؤلف مشارك . |
|
| 942 |
_2ddc _cBK |
||
| 999 |
_c61856 _d61856 |
||